| 000 | 00000nam##2200000za#4500 |
| 001 | 9.600082 |
| 003 | CaOODSP |
| 005 | 20240501092931 |
| 007 | cr ||||||||||| |
| 008 | 150406|1991||||xxc|||||o f|0| 0 fre|d |
| 040 | |aCaOODSP|bfre |
| 043 | |an-cn--- |
| 086 | 1 |aPS83-3/12F-PDF |
| 110 | 2 |aService correctionnel Canada. |
| 245 | 10|aRecension des écrits sur les facteurs liés aux évasions d'établissements correctionnels / |h[ressource électronique]|cpar Robert C. Sturrock, Frank J. Porporino et Joe C. Johnston. |
| 260 | |bService correctionnel Canada |c1991. |
| 300 | |a18p.|bréférences |
| 490 | 1 |aRapport de recherche|vR-12 |
| 590 | |a10-15-Supp|b2010-12-10 |
| 720 | 1 |aPorporino, Frank J. |
| 720 | 1 |aJohnston, Joseph C. |
| 720 | 1 |aSturrock, Robert C. |
| 775 | 08|tLiterature review on the factors related to escape from correctional institutions / |w(CaOODSP)9.568219 |
| 830 | #0|aRapport de recherche (Service correctionnel Canada. Direction de la recherche)|vR-12|w(CaOODSP)9.502465 |
| 856 | 40|ahttp://publications.gc.ca|qPDF|s66 Ko|uhttps://publications.gc.ca/collections/collection_2010/scc-csc/PS83-3-12-fra.pdf|yR-12 |